Sistemas de água e esgoto : (Record no. 1096)

MARC details
000 -LÍDER
Campo Fixo de Controle 00902nam a2200253 a 4500
001 - NÚMERO DE CONTROLE
Campo de Controle 1096
003 - IDENTIFICAÇÃO DO NÚMERO DE CONTROLE
Campo de Controle BR-CuiBMT
005 - DATA E HORA DA ÚLTIMA ATUALIZAÇÃO
Campo de Controle 20231130004807.0
008 - DADOS FIXOS
Dados Fixos 230810s2010 mtba 000 0 por d
020 ## - INTERNATIONAL STANDARD BOOK NUMBER
Nº do ISBN 9788579110207
040 ## - AGÊNCIA CATALOGADORA
Código da Agência Catalogadora BR-CuiBMT
Agência que transcreveu o registro BR-CuiBMT
080 ## - Nº DA CLASSIFICAÇÃO DECIMAL UNIVERSAL
Nº edição CDU 2007
Nº Class. CDU 351.77
Subd. Auxiliar Comum (817.2)
090 ## - NÚMERO DE CHAMADA
Nº classificação 351.77(817.2)
Cutter C235s
100 1# - ENTRADA PRINCIPAL -- AUTOR PESSOAL
Nome pessoal Caovilla, Marizete
245 10 - TÍTULO PRINCIPAL
Título principal Sistemas de água e esgoto :
Subtítulo uma abordagem crítica da gestão municipal em Mato Grosso /
Indicação de responsabilidade Marizete Caovilla.
260 ## - PUBLICAÇÃO, DISTRIBUIÇÃO, ETC.
Local de publicação Cáceres :
Editora UNEMAT,
Data c2010.
300 ## - DESCRIÇÃO FÍSICA
N. páginas ou volumes 143 p. :
Ilustrações il. (algumas color.) ;
Dimensões 22 cm
490 1# - INDICAÇÃO DE SÉRIE
Título da série Série inovação e melhoria da gestão pública
504 ## - NOTA DE BIBLIOGRAFIA, ETC.
Nota de bibliografia Inclui bibliografia.
650 ## - ASSUNTO TÓPICO
Cabeçalho tópico ou nome geográfico Saneamento básico
Subdivisão geral Gestão pública municipal
Subdivisão geográfica Mato Grosso
650 ## - ASSUNTO TÓPICO
Cabeçalho tópico ou nome geográfico Saneamento básico
Subdivisão de forma Fiscalização
Subdivisão geográfica Mato Grosso
830 #0 - ENTRADA SECUNDÁRIA DE SÉRIE -- TÍTULO UNIFORME
Título uniforme Inovação e melhoria da gestão pública
942 ## - ELEMENTOS DE ENTRADA ADICIONAIS (KOHA)
Fonte de classificação ou esquema de arquivamento Classificação Decimal Universal
Tipo de item do Koha Livros
Holdings
Estado: removido Estado: perdido Fonte de classificação ou esquema de arquivamento Estado: danificado Indisponível para empréstimo Localização permanente Localização atual Data de aquisição Total Checkouts Número de Chamada completo Código de barras Date last seen Número do exemplar Preço efetivo a partir de Tipo de item (Koha)
    Classificação Decimal Universal     Biblioteca da Escola Superior de Contas do TCE/MT Biblioteca da Escola Superior de Contas do TCE/MT 28/11/2023   351.77(817.2) C235s BIBTCEMT23111260 28/11/2023 Ex. 1 28/11/2023 Livros
    Classificação Decimal Universal     Biblioteca da Escola Superior de Contas do TCE/MT Biblioteca da Escola Superior de Contas do TCE/MT 29/11/2023   351.77(817.2) C235s BIBTCEMT23111305 29/11/2023 Ex. 2 29/11/2023 Livros
    Classificação Decimal Universal     Biblioteca da Escola Superior de Contas do TCE/MT Biblioteca da Escola Superior de Contas do TCE/MT 29/11/2023   351.77(817.2) C235s BIBTCEMT23111306 29/11/2023 Ex. 3 29/11/2023 Livros

Powered by Koha